Municípios do Piauí em um Mapa - Statistics

Estatísticas Gerais
  • Esse quiz foi jogado 2 050 vezes
  • A pontuação média é 41 de 224
Respostas no mapa
Respostas codificadas por cores de uma escala verde-vermelha no mapa do quiz de acordo com a % correta abaixo.
 
Estatísticas das Respostas
Município % Correto
Teresina
94%
Parnaíba
80%
Picos
73%
Floriano
64%
Piripiri
63%
Altos
60%
Oeiras
57%
Luís Correia
56%
Campo Maior
55%
Bom Jesus
53%
São Raimundo Nonato
52%
Uruçuí
43%
Cocal
40%
Corrente
40%
Pedro II
40%
União
39%
Barras
38%
Piracuruca
38%
Água Branca
36%
Cajueiro da Praia
35%
Esperantina
35%
São João do Piauí
35%
José de Freitas
34%
Demerval Lobão
33%
Amarante
31%
Buriti dos Lopes
31%
Canto do Buriti
30%
Pio IX
30%
Paulistana
29%
Valença do Piauí
29%
Castelo do Piauí
28%
Batalha
27%
Gilbués
27%
Luzilândia
27%
Acauã
26%
Alto Longá
25%
Miguel Alves
25%
Monsenhor Gil
25%
Barro Duro
24%
Brasileira
24%
Cocal dos Alves
24%
Cristino Castro
24%
Elesbão Veloso
24%
Jaicós
24%
Porto
24%
Cocal de Telha
23%
Fronteiras
23%
Guadalupe
23%
Ilha Grande
23%
Baixa Grande do Ribeiro
22%
Inhuma
22%
Nazária
22%
Regeneração
22%
Santa Filomena
22%
Marcolândia
21%
São Pedro do Piauí
21%
Agricolândia
20%
Capitão de Campos
20%
Pimenteiras
20%
São José do Piauí
20%
Alagoinha do Piauí
19%
Alvorada do Gurgueia
19%
Lagoa do Piauí
19%
Miguel Leão
19%
São Miguel do Tapuio
19%
Simplício Mendes
19%
Angical do Piauí
18%
Beneditinos
18%
Caracol
18%
Curimatá
18%
Itaueira
18%
Jerumenha
18%
Parnaguá
18%
Alegrete do Piauí
17%
Bertolínia
17%
Boa Hora
17%
Colônia do Gurgueia
17%
Currais
17%
Guaribas
17%
Morro Cabeça no Tempo
17%
Palmeirais
17%
Ribeiro Gonçalves
17%
Simões
17%
Wall Ferraz
17%
Avelino Lopes
16%
Barreiras do Piauí
16%
Buriti dos Montes
16%
Dirceu Arcoverde
16%
Dom Inocêncio
16%
Itainópolis
16%
Padre Marcos
16%
Palmeira do Piauí
16%
Santa Cruz do Piauí
16%
Santa Cruz dos Milagres
16%
Santa Luz
16%
São Francisco do Piauí
16%
São João da Fronteira
16%
Aroazes
15%
Belém do Piauí
15%
Bom Princípio do Piauí
15%
Campo Grande do Piauí
15%
Cristalândia do Piauí
15%
Eliseu Martins
15%
Flores do Piauí
15%
Francisco Ayres
15%
Hugo Napoleão
15%
Ipiranga do Piauí
15%
Marcos Parente
15%
Monsenhor Hipólito
15%
Nazaré do Piauí
15%
Redenção do Gurgueia
15%
São Julião
15%
Anísio de Abreu
14%
Arraial
14%
Assunção do Piauí
14%
Curralinhos
14%
Dom Expedito Lopes
14%
Landri Sales
14%
Monte Alegre do Piauí
14%
Patos do Piauí
14%
Santo Antônio de Lisboa
14%
Betânia do Piauí
13%
Bocaina
13%
Brejo do Piauí
13%
Campinas do Piauí
13%
Colônia do Piauí
13%
Floresta do Piauí
13%
Francisco Santos
13%
Geminiano
13%
Jacobina do Piauí
13%
Lagoa Alegre
13%
Lagoinha do Piauí
13%
Manoel Emídio
13%
Matias Olímpio
13%
Morro do Chapéu do Piauí
13%
Paquetá
13%
Queimada Nova
13%
Santa Rosa do Piauí
13%
Sussuapara
13%
Tanque do Piauí
13%
Cabeceiras do Piauí
12%
Caldeirão Grande do Piauí
12%
Coivaras
12%
Isaías Coelho
12%
Juazeiro do Piauí
12%
Massapê do Piauí
12%
Nossa Senhora dos Remédios
12%
Passagem Franca do Piauí
12%
Porto Alegre do Piauí
12%
São Gonçalo do Piauí
12%
Aroeiras do Itaim
11%
Cajazeiras do Piauí
11%
Campo Largo do Piauí
11%
Caxingó
11%
Coronel José Dias
11%
Curral Novo do Piauí
11%
Domingos Mourão
11%
Fartura do Piauí
11%
Francinópolis
11%
Joaquim Pires
11%
Júlio Borges
11%
Jurema
11%
Murici dos Portelas
11%
Pau d'Arco do Piauí
11%
Prata do Piauí
11%
Rio Grande do Piauí
11%
Santana do Piauí
11%
São João da Canabrava
11%
São José do Peixe
11%
São Luís do Piauí
11%
Sebastião Leal
11%
Sigefredo Pacheco
11%
Várzea Grande
11%
Antônio Almeida
10%
Bonfim do Piauí
10%
Boqueirão do Piauí
10%
Caridade do Piauí
10%
Conceição do Canindé
10%
Francisco Macedo
10%
Lagoa de São Francisco
10%
Milton Brandão
10%
Paes Landim
10%
Pavussu
10%
São Gonçalo do Gurgueia
10%
São João do Arraial
10%
Tamboril do Piauí
10%
Vila Nova do Piauí
10%
Bela Vista do Piauí
9%
Campo Alegre do Fidalgo
9%
Canavieira
9%
Jatobá do Piauí
9%
Joca Marques
9%
Lagoa do Barro do Piauí
9%
Madeiro
9%
Nossa Senhora de Nazaré
9%
Novo Oriente do Piauí
9%
Riacho Frio
9%
São Félix do Piauí
9%
São Francisco de Assis do Piauí
9%
São João da Serra
9%
São João da Varjota
9%
São José do Divino
9%
São Lourenço do Piauí
9%
Sebastião Barros
9%
Várzea Branca
9%
Vera Mendes
9%
Barra d'Alcântara
8%
Capitão Gervásio Oliveira
8%
Caraúbas do Piauí
8%
João Costa
8%
Lagoa do Sítio
8%
Nova Santa Rita
8%
Novo Santo Antônio
8%
Olho d'Água do Piauí
8%
São Miguel da Baixa Grande
8%
São Miguel do Fidalgo
8%
Socorro do Piauí
8%
Jardim do Mulato
7%
Pajeú do Piauí
7%
Pedro Laurentino
7%
Ribeira do Piauí
7%
Santo Inácio do Piauí
7%
São Braz do Piauí
7%
Santo Antônio dos Milagres
6%
Nenhum quiz correspondente encontrado
Distribuição das Pontuações
Porcentagem de Pessoas com Cada Pontuação
Percentil de Números Respondidos
Sua Pontuação Histórica
Você não jogou esse quiz